[Event "RSA-chT U12"]
[Site "Cape Town"]
[Date "2016.01.07"]
[Round "7.3"]
[White "Nieuwoudt, Amelie"]
[Black "McLuckie, Aiden"]
[Result "0-1"]
[WhiteElo "928"]
[BlackElo "993"]
[PlyCount "106"]
[EventDate "2016.01.04"]
[EventType "team-tourn"]
[EventRounds "7"]
[EventCountry "RSA"]
[SourceTitle "CBM 170 Extra"]
[Source "ChessBase"]
[SourceDate "2016.02.25"]
[SourceVersion "1"]
[SourceVersionDate "2016.02.25"]
[SourceQuality "1"]
[WhiteTeam "Johannesburg Metro"]
[BlackTeam "Ekurhuleni"]
[WhiteTeamCountry "RSA"]
[BlackTeamCountry "RSA"]

1. d4 d5 2. e3 Nf6 3. Nf3 Nc6 4. c3 Bf5 5. Bd3 e6 6. 0-0 Bd6 7. Re1 0-0 8. Qc2 Bxd3 9. Qxd3 Qd7 10. Nbd2 e5 11. e4 dxe4 12. Nxe4 Nxe4 13. Rxe4 Rfe8 14. Nxe5 Bxe5 15. Qe3 Bf6 16. Qe2 Rxe4 17. Qxe4 Re8 18. Qe3 Rxe3 19. Bxe3 h6 20. g3 Bg5 21. Re1 Ne7 22. f4 Bf6 23. Bc1 g5 24. Be3 Nd5 25. Bd2 gxf4 26. gxf4 Qg4+ 27. Kf1 Nxf4 28. Bxf4 Qxf4+ 29. Ke2 Qxh2+ 30. Kd1 Bg5 31. Re2 Qg1+ 32. Kc2 a5 33. b4 a4 34. a3 Qf1 35. Rh2 Qc1+ 36. Kd3 Qxa3 37. Rg2 Qb3 38. Rg1 a3 39. Rg2 a2 40. Rg1 Qb2 41. Kc4 a1Q 42. Rxa1 Qxa1 43. d5 c6 44. d6 b5+ 45. Kc5 f5 46. Kxc6 f4 47. d7 f3 48. Kc7 f2 49. d8Q+ Bxd8+ 50. Kxd8 f1Q 51. Kd7 Qa6 52. Ke7 Qf7+ 53. Kd8 Qa8# 0-1

[Event "RSA-chT U12"]
[Site "Cape Town"]
[Date "2016.01.06"]
[Round "5.3"]
[White "Thakersee, Rishay"]
[Black "McLuckie, Aiden"]
[Result "1-0"]
[WhiteElo "1340"]
[BlackElo "993"]
[PlyCount "20"]
[EventDate "2016.01.04"]
[EventType "team-tourn"]
[EventRounds "7"]
[EventCountry "RSA"]
[SourceTitle "CBM 170 Extra"]
[Source "ChessBase"]
[SourceDate "2016.02.25"]
[SourceVersion "1"]
[SourceVersionDate "2016.02.25"]
[SourceQuality "1"]
[WhiteTeam "Western Province"]
[BlackTeam "Ekurhuleni"]
[WhiteTeamCountry "RSA"]
[BlackTeamCountry "RSA"]

1. e4 e5 2. Nf3 Nc6 3. d4 exd4 4. Nxd4 Nxd4 5. Qxd4 d6 6. Bc4 Be6 7. Nc3 Bxc4 8. Qxc4 c6 9. 0-0 Be7 10. Be3 Nf6 1-0